[Event "Syre Memorial op 31st"]
[Site "Issy les Moulineaux"]
[Date "2008.05.02"]
[Round "3"]
[White "Piankov, Evgenij"]
[Black "David, Alberto"]
[Result "1/2-1/2"]
[WhiteElo "2341"]
[BlackElo "2562"]
[Annotator "Primel,D"]
[PlyCount "94"]
[EventDate "2008.05.01"]
[EventType "swiss"]
[EventRounds "6"]
[EventCountry "FRA"]
[SourceTitle "EXT 2010"]
[Source "ChessBase"]
[SourceDate "2010.11.25"]
[SourceVersion "1"]
[SourceVersionDate "2010.11.25"]
[SourceQuality "1"]

1. d4 Nf6 2. Nf3 g6 3. Bg5 {L'attaque TORRE est théoriquement peu efficace
contre le fianchetto roi mais elle ne manque pas de venin. C'était ainsi une
arme redoutable dans les mains de PETROSSIAN qui exploitait la moindre
inprécision des noirs.} Bg7 (3... Ne4 $5 4. Bf4 Bg7 5. Nbd2 d5 6. e3 c5 7. c3
Nc6 (7... Qb6 $143 8. Qb3) 8. Nxe4 dxe4 9. Ng5 {Keres,P-Botvinnik,M Budapest
1952 (16) 1/2} (9. Nd2 cxd4 10. exd4 (10. cxd4 $6 e5 $1))) 4. Nbd2 O-O (4... h6
$5 5. Bh4 g5 {assez risqué mais c'est une option intéressante pour jouer pour
le gain avec les noirs. Le problème des noirs est qu'ils doivent gagner car en
06 rondes, le moindre 1/2 point laché coûte cher!} (5... O-O 6. c3) 6. Bg3 Nh5
7. Be5 f6 8. Bg3 e6 $13 {Plachetka,J (2427)-Likavsky,T (2498) SVK-ch Banska
Stiavnica 2006 (9) 0-1}) (4... c5 5. e3 (5. c3 $6 {Une faute courante chez les
amateurs car après cd4 et l'ouverture de la colonne "c", le Nd2 est mal placé}
cxd4 6. cxd4 {[%csl Rd2]}) (5. Bxf6 Bxf6 6. Ne4 $36 {[%cal Ge4f6,Ge4c5]}) 5...
cxd4 6. exd4 Nc6 7. c3 O-O 8. Bd3 $11) 5. c3 {[%cal Gb2b4]} d5 {Le GMI opte
pour la ligne "Grunfeld" mais contre 1.d4, le GMI la joue autant que
l'Est-Indienne} (5... d6 6. e4 c5 7. dxc5 dxc5 {[%csl Gc4] La case forte "c4"
donne un trés léger avantage aux blancs} 8. Bc4 $1 {[%csl Gc4];Piankov,E (2323)
-Krueger,E (2242) Wch Seniors 14th 2004 (7) 1-0}) 6. e3 b6 {[%cal Gc8b7] une
ligne trés solide} (6... Nbd7 {la grande ligne} 7. Be2 Re8 {[%cal Ge7e5]} 8.
O-O e5 $1 $11 {Salov,V (2665)-Gelfand,B (2665) Reggio Emilia-A 9192 34th 1991 
(4) 1/2}) 7. Be2 (7. a4 $5 c5 (7... a5) 8. a5 $1 {Malaniuk,V (2595)-Timoshenko,
G (2520) Alushta2 1994 (4) 1-0}) (7. Bd3 $5) (7. b4 $5 {[%csl Gc5]} Bb7 8. Be2
Nbd7 9. O-O Qe8 $11 {[%cal Ge7e5];Larsen,B (2660)-Bilek,I (2485) Teeside 1972 
(6) 1/2} (9... Ne4 $143 10. Nxe4 dxe4 11. Nd2)) 7... c5 (7... Bb7 8. b4 {
[%csl Gc5];Seirawan,Y (2610)-Kudrin,S (2545) USA-ch 1988 1-0}) 8. Ne5 $5 {
Une ligne secondaire} (8. O-O Nc6 9. a3 h6 10. Bh4 Bf5 11. Bb5 Bd7 12. Qe2 g5
13. Bg3 Nh5 14. b4 Nxg3 15. hxg3 Qc7 16. Rac1 a6 17. Bd3 c4 18. Bc2 f5 19. a4
Qd6 20. Rfd1 Qf6 21. Nf1 Rad8 22. Rb1 g4 23. Nh4 Na7 {Piankov,E (2322)-Olivier,
J (2363)/Pierrevert 2007/CBM 118 ext/1-0 (62)}) 8... Bb7 9. O-O Nfd7 (9... Nbd7
10. Bf4 e6 11. Qa4 (11. a4 $142) 11... a6 $11 {Piankov,E (2348)-Koziak,V (2481)
Breizh Masters-B (6) 0-1}) 10. Nxd7 $146 (10. f4 {Sundararajan,K (2350)-Das,A 
(2170) Goodricke 10th op (10) 1/2}) 10... Qxd7 11. b4 cxb4 12. cxb4 $11 Ba6 13.
Nf3 Rc8 (13... Bxe2 14. Qxe2 Nc6 15. b5 Na5 {[%cal Ga5c4]}) 14. b5 $1 Bxb5 15.
Bxb5 Qxb5 16. Bxe7 {[%csl Rd5]} Qd7 17. Bb4 Na6 18. Ba3 Rc4 19. Nd2 Rc7 20. Qb3
Rac8 21. Rac1 {Les blancs recherchent la nulle mais les noirs peuvent
difficilement compliquer la position.} Rxc1 22. Rxc1 Rxc1+ 23. Bxc1 Qc6 24. Ba3
Nc7 25. h3 (25. Nf3 Nb5 26. g3 Qc4 27. Qb2 f6 28. Kg2 Kf7) 25... Nb5 26. Nf3
Qc4 27. Bb2 Qxb3 (27... a5 28. Nd2 Qxb3 29. axb3 f5 {[%csl Re5]} 30. Kf1 Kf7
31. Ke2 Ke6 (31... Bf8) 32. Nf3 $11 {[%csl Ge5]}) 28. axb3 f6 {[%csl Ge5]} 29.
Kf1 (29. Ne1 Kf7 30. Nd3 {[%cal Gd3f4,Gf4d5]} g5 31. Nb4 Ke6 32. f3) 29... Kf7
30. Ke2 Ke6 31. Ne1 Bf8 {[%csl Ga3,Gb4] Le Bb2 est complètement enfermé mais
les chances de gain du GMI sont néanmoins réduites.} 32. Nd3 Bd6 33. g4 a5 34.
f3 Na7 35. Ne1 f5 (35... b5 $5 {[%cal Ga5a4] A.DAVID voulait probablement
garder l'accès libre а la case b5 pour son N mais valoriser la majorité
donnait peut-être plus de chances de gain.} 36. e4 (36. Nd3 a4 37. bxa4 bxa4
38. Kd1 f5 (38... a3 $6 39. Ba1 {[%cal Gd1c2,Gc2b3]}) 39. Kc2 Nb5 {[%csl Gc3]})
) 36. Nc2 Nb5 (36... b5) 37. Kd3 Be7 (37... h5 38. gxh5 gxh5) (37... fxg4 $5
38. hxg4 (38. fxg4 {[%csl Ge4]}) 38... h5 $1 {[%csl Gh5][%cal Gh5h1] Le P
passé "h" est dangereux}) 38. Bc1 Bf8 39. Bb2 Be7 40. gxf5+ gxf5 41. Bc1 Bf8
42. Bd2 Nd6 43. Ne1 Ne8 44. Ke2 Bd6 45. Nd3 Nf6 46. Nb2 Kd7 47. Nd3 Ke6 1/2-1/2

[Event "World Women-ch"]
[Site "Chongqing/Shanghai"]
[Date "2018.05.07"]
[Round "4"]
[White "Tan, Zhongyi"]
[Black "Ju, Wenjun"]
[Result "1-0"]
[WhiteElo "2522"]
[BlackElo "2571"]
[Annotator "Quintiliano,R"]
[PlyCount "69"]
[EventDate "2018.05.03"]
[EventType "match"]
[EventRounds "10"]
[EventCountry "CHN"]
[SourceTitle "CBM 185"]
[Source "ChessBase"]
[SourceDate "2018.07.13"]
[SourceVersion "1"]
[SourceVersionDate "2018.07.13"]
[SourceQuality "1"]

1. d4 {After an unsuccessful English in game 2, Tan Zhongyi switched back to
her main weapon 1.d4 and kept it for the rest of the match.} ({that game went} 
1. c4 {but now Ju Wenjun probably made the first step out of her opponent's
preparation with} e5 {a move that she had played only once in the past} 2. Nc3
Bb4 3. d3 Bxc3+ $5 {an interesting and practical approach by Black} 4. bxc3 d6
5. g3 f5 6. Bg2 Nf6 7. Rb1 c6 8. Nf3 {[%cal Yc4c5]} Qc7 9. O-O O-O 10. Bg5 Nbd7
11. Nd2 h6 12. Bxf6 Nxf6 {Zhongyi (2522)-Ju Wenjun (2571) WCh Women 2018 (2)
0-1 and Black had no problems in}) 1... Nf6 2. Bg5 {Despite having lost games
2 and 3, therefore needing a win to come back to the fight, Tan Zhongyi avoids
the theoretical debate and goes for the Trompowsky, an opening that she has
played in a few games in the past.} d5 3. Nd2 {According to my database, this
move was neither played by Tan nor faced by Ju before; thus the players enter
a kind of unknown path for both sides.} Nbd7 ({The point behind White's move
order is that against the principled} 3... c5 4. dxc5 $5 {is possible, as
played in some recent games} e6 5. e4 $5 {this leads to some unusual positions,
it's understandable that Ju Wenjun preferred to avoid give such options for
White} (5. b4 $5 {was also tried by Andreikin in some games})) 4. Ngf3 {
Now the game has transposed to the more often seen Torre Attack.} h6 {Some
players follow the same setup, directly playing e6-c5, etc, but this move is
always useful when it is possible.} 5. Bh4 c5 6. e3 e6 7. c3 Be7 8. Bd3 Qc7 ({
Actually, Ju Wenjun reached this position by transposition in the past year;
that game went} 8... O-O 9. O-O b6 10. Qe2 (10. Ne5 {is the ambitious way to
play}) 10... Bb7 11. Ba6 {this is harmless} (11. Ne5 {was possible here also})
11... Bxa6 12. Qxa6 {and after} g5 $5 13. Bg3 Nh5 {Black was totally fine} 14.
Ne5 Nxe5 15. Bxe5 f6 16. Qe2 Qe8 17. Bg3 Nxg3 18. hxg3 f5 $11 {Arkell,K (2415)
-Ju,W (2574) Douglas IoM op 2017 (8) 1/2}) 9. Qe2 O-O 10. O-O (10. g4 $6 {
[%cal Yg4g5] is an attempt to exploit the h6-pawn in Black's camp, but Black
could counter it in the centre with} e5 $1 11. dxe5 Nxe5 12. Nxe5 Qxe5 {
and it is not easy for White to develop an attack with such an open centre.})
10... b6 11. Bxf6 {Looking to create some imbalance.} (11. e4 {fails to prove
an advantage for White} dxe4 12. Nxe4 Bb7 13. Bg3 Qc6 {and Black is fine.})
11... Nxf6 {It is better to prevent e3-e4.} (11... Bxf6 {would allow} 12. e4
Bb7 13. e5 Be7 {and thanks to White's structure in the centre, she has some
attacking prospects, for example} 14. Ne1 {[%cal Yf2f4,Yf4f5]}) 12. Ne5 {
After giving up the bishop pair, White should keep the centre closed.} (12. e4
{is just harmless} dxe4 13. Nxe4 Bb7) 12... Bb7 13. f4 Ne4 14. Rad1 Bd6 15. Qg4
(15. g4 $5 {[%cal Yg4g5,Ye2g2] was another try, interesting because the move
h6 gives White chances to open some lines on the kingside, and with Qg2 it is
possible to disturb the strong Ne4} Qe7 16. Qg2 {the safest decision for Black
seems to be to go for exchanges with} Bxe5 17. fxe5 (17. dxe5 Nxd2 {[%cal
Yb7g2]} 18. Qxd2 g6 $13) 17... Nxd2 18. Rxd2 {and now} f6 $5 {releasing the
grip on the kingside} 19. exf6 Rxf6 20. Rxf6 gxf6 (20... Qxf6 21. Rf2 Qe7 22.
Qg3 $16 {[%cal Yg3e5]}) 21. Rf2 Rf8 22. Qg3 $14 {although White's position
remains easier.}) 15... f5 16. Qh3 Bxe5 17. fxe5 Qe7 {Black's position is very
solid now, it seems unlikely that White will be able to create problems.} 18.
Qh5 Kh7 19. Qe2 Rac8 20. Rf4 Rf7 (20... cxd4 {was possible} 21. exd4 (21. cxd4
Qb4 $1 $132) 21... Bc6 {and now} 22. g4 $2 {is bad due to} h5 $1 {[%cal Ge7g5]}
) 21. g4 $6 {Tan Zhongyi didn't forget she must win!} Rcf8 22. Qg2 cxd4 23.
cxd4 Nxd2 $2 {A strange decision by Ju Wenjun, since the knight was firmly
protected on e4, preventing many active ideas by White. Now the Bd3 becomes
very dangerous.} ({Instead,} 23... g6 {was natural and good} 24. Rdf1 {even if
Black had no ideas in this position, it is difficult to think how could White
improve her pieces, but the following regrouping plan is very nice} Rc8 $1 25.
Kh1 (25. Nxe4 dxe4 26. Bxe4 Ba6 $1 {winning material}) 25... Rg7 $1 {and Black
is ok.}) 24. Rxd2 $36 {Now White has the better minor piece and nice chances
of taking the initiative.} g6 (24... g5 $2 25. Rf1 Kg7 26. gxf5 exf5 27. Rdf2
Qe6 28. h4 $1 g4 29. Qg3 $16) 25. Qh3 $1 {Now White has an easy job to
increase the pressure.} Bc8 26. Rg2 g5 $2 {[%csl Gd3] Making White's task
easier.} ({trying to keep as solid as possible with} 26... Rg7 {was the best
chance, but after} 27. Kh1 Rfg8 28. Rf1 Bd7 29. Rg3 {[%cal Yh3g2,Yg3h3] White
keeps the tension in a pleasant position.}) 27. Rf3 Kg7 28. Qh5 $1 {[%csl Rg6]
[%cal Gh2h4] This move points out all the drawbacks of Black's last move, and
the unavoidable h2-h4 just crushes Black's defences.} (28. Qg3 $2 fxg4 {
is ok for Black.}) 28... Bd7 29. h4 $18 {Black's position is hopeless.} fxg4 (
29... Be8 30. hxg5 Qxg5 31. gxf5 {[%cal Yg2g8]}) 30. Qg6+ Kh8 31. Qxh6+ Kg8 32.
Rxg4 Rg7 (32... Rxf3 33. Rxg5+ Qxg5+ 34. Qxg5+ Kf7 35. Bg6+ Kg8 36. Bh5+ $18)
33. Rf6 $1 Qb4 34. Qxg7+ $1 {The execution is precise.} Kxg7 35. Rxg5+ 1-0

[Event "Sautron op 15th"]
[Site "Sautron"]
[Date "2015.10.24"]
[Round "4.3"]
[White "Le Roux, Jean Pierre"]
[Black "Stets, Dmitry"]
[Result "1-0"]
[WhiteElo "2572"]
[BlackElo "2432"]
[Annotator "RR"]
[PlyCount "97"]
[EventDate "2015.10.24"]
[EventType "swiss"]
[EventRounds "9"]
[EventCountry "FRA"]
[SourceTitle "CBM 169 Extra"]
[Source "ChessBase"]
[SourceDate "2015.12.18"]
[SourceVersion "1"]
[SourceVersionDate "2015.12.18"]
[SourceQuality "1"]
[TimeControl "40/5400+30:1800+30"]
[WhiteClock "0:15:54"]
[BlackClock "0:18:37"]

1. d4 {[%emt 0:01:33]} Nf6 {[%emt 0:00:00]} 2. Nf3 {[%emt 0:00:23]} g6 {
[%emt 0:00:00]} 3. Bg5 {[%emt 0:00:52]} Bg7 {[%emt 0:00:26]} 4. c3 {[%emt 0:00:
05]} b6 {[%emt 0:05:55]} (4... O-O) (4... d6) 5. Nbd2 {[%emt 0:09:13]} Bb7 {
[%emt 0:01:29]} 6. e3 {[%emt 0:05:12]} O-O {[%emt 0:04:12]} 7. Bd3 {[%emt 0:04:
06]} d5 {[%emt 0:01:58]} 8. O-O {[%emt 0:03:51]} (8. Qb1 $5) 8... Ne4 {[%emt 0:
03:33]} (8... c5) (8... Nbd7) 9. Bh4 {[%emt 0:03:04]} Nd7 {[%emt 0:05:10]} 10.
a4 {[%emt 0:06:15]} (10. Qc2 Ndf6 11. Ne5 c5 12. Nxe4 Nxe4 13. Bxe4 dxe4 14.
Rad1 Bxe5 15. dxe5 Qc7 16. Bg3 Qc6 17. Rd2 Rad8 18. Rfd1 Rd3 19. Bh4 f6 20.
exf6 exf6 21. c4 h5 22. Bg3 Rfd8 23. h3 Kg7 24. b3 g5 25. h4 Kg6 26. Qb2 Qd7
27. Rxd3 exd3 28. f3 g4 29. e4 Kf7 30. Kh2 gxf3 31. gxf3 Rg8 32. Qf2 Bc8 33.
Qf1 d2 34. Bf4 Qd4 35. Rxd2 Qc3 36. Qd1 Re8 37. Rc2 Rd8 38. Qxd8 Qxc2+ 39. Kg3
Qb1 {Radjabov,T (2751)-Polgar,J (2711) Almaty 2008 1-0}) 10... a6 $146 {
[%emt 0:04:35]} ({Prédécesseur (5):} 10... Qe8 11. a5 h6 12. Qc2 Nxd2 13. Qxd2
Nf6 14. a6 Bc8 15. c4 dxc4 16. Bxc4 c6 17. Qc2 Bf5 18. Bd3 Be6 19. Rac1 Rc8 20.
b4 Nd7 21. Qe2 b5 22. Nd2 f5 23. e4 f4 24. d5 cxd5 25. Rxc8 Qxc8 26. Bxe7 Re8
27. Bd6 dxe4 28. Qxe4 Nf6 29. Qxg6 Bf7 30. Qf5 Qxf5 31. Bxf5 Rd8 32. Bxf4 Nd5
33. Bg3 Nxb4 34. Ne4 Nxa6 35. Nd6 b4 36. Nxf7 Kxf7 37. Re1 Bc3 38. Be6+ Kg6 39.
Rc1 Nc5 40. Ba2 {Illescas Cordoba,M (2590)-Polgar,J (2630) Las Palmas 1994 0-1
(85)}) (10... a5) 11. a5 {[%emt 0:05:01] Comme les Noirs n'ont pas poussé le
P"c5", ce plan a4a5 ne parait pas très dangereux} b5 $132 {[%emt 0:01:25]} 12.
Re1 {[%emt 0:21:17]} (12. Qc2) 12... h6 {[%emt 0:06:16]} 13. Qc2 {[%emt 0:02:
31]} f5 {[%emt 0:03:09]} 14. Bg3 $5 {[%emt 0:10:23]} Nxg3 {[%emt 0:04:40]} 15.
hxg3 {[%emt 0:00:04]} e5 {[%emt 0:00:15]} 16. dxe5 {[%emt 0:01:25]} Qe7 $11 {
[%emt 0:02:20]} 17. b3 {[%emt 0:04:33]} c5 {[%emt 0:02:34] Il fallait
peut-être laisser cette case accessible pour la Qe7} (17... Nxe5 $5 {Plus
souple} 18. Nxe5 Bxe5 19. Nf3 Bg7) 18. c4 $1 {[%emt 0:02:55]} dxc4 {[%emt 0:00:
45]} 19. bxc4 {[%emt 0:00:05]} b4 {[%emt 0:01:04] Le P passé n'est pas
dangereux et l'aile-dame des Noirs s'est affaiblie} 20. Rad1 {[%emt 0:04:10]}
Nxe5 {[%emt 0:01:14]} 21. Nxe5 {[%emt 0:00:50]} Bxe5 {[%emt 0:00:58]} 22. f4 {
[%emt 0:01:37]} Bc3 {[%emt 0:01:20]} 23. e4 $1 $36 {[%emt 0:00:41][%csl Re7]}
Qf7 {[%emt 0:09:59]} 24. Re2 {[%emt 0:05:52]} Rad8 {[%emt 0:02:21]} 25. Nf3 $16
{[%emt 0:02:10]} g5 $6 {[%emt 0:16:32]} 26. exf5 {[%emt 0:01:01]} Bxf3 {
[%emt 0:00:35]} 27. gxf3 {[%emt 0:00:05]} gxf4 {[%emt 0:01:39]} 28. Re6 $1 {
[%emt 0:00:18][%csl Rg8][%cal Ge6g6]} Bf6 {[%emt 0:05:44]} 29. g4 {[%emt 0:00:
24]} Qd7 {[%emt 0:03:44]} 30. Kg2 $1 {[%emt 0:01:17]} Qd4 {[%emt 0:01:08]} 31.
Rxa6 {[%emt 0:00:57][%csl Ga5]} Rb8 {[%emt 0:06:49]} 32. Rb6 $1 {[%emt 0:02:34]
} Rxb6 {[%emt 0:02:22]} 33. axb6 {[%emt 0:00:02]} Qd6 {[%emt 0:00:05]} 34. b7 {
[%emt 0:00:33]} Qb6 {[%emt 0:00:07]} 35. Be4 $40 {[%emt 0:00:27][%csl Gb7,Ge4]}
b3 {[%emt 0:00:33] Le P "b3" est moins dangereux que le P "b7" à cause de la
position des B} 36. Qd2 {[%emt 0:01:24]} Qc7 {[%emt 0:01:59]} 37. Rb1 {[%emt 0:
00:29]} b2 {[%emt 0:00:48]} 38. Rxb2 $1 {[%emt 0:00:43]} Bxb2 {[%emt 0:00:05]}
39. Qxb2 {[%emt 0:00:03]} Qd6 $2 {[%emt 0:00:51]} 40. Bd5+ {[%emt 0:00:00]} Kh7
{[%emt 0:00:00]} 41. Qe2 {[%emt 0:01:28]} Qf6 {[%emt 0:04:37]} 42. Qe4 {
[%emt 0:05:08]} h5 {[%emt 0:06:43]} 43. Qxf4 {[%emt 0:02:22][%csl Rh7][%cal
Gg4g5,Gd5e4]} Qb2+ {[%emt 0:00:06]} 44. Kh3 $18 {[%emt 0:05:14]} hxg4+ {
[%emt 0:00:30]} 45. fxg4 {[%emt 0:01:55]} Rh8 {[%emt 0:00:58] Une dernière
tentative} 46. Kg3 {[%emt 0:02:34]} Qc3+ {[%emt 0:00:13]} 47. Bf3 {[%emt 0:00:
44]} Qe1+ {[%emt 0:03:21]} 48. Kg2 {[%emt 0:00:07]} Kg7 {[%emt 0:00:16]} 49.
Qg5+ {[%emt 0:00:39]} 1-0

[Event "Sautron op 14th"]
[Site "Sautron"]
[Date "2014.10.25"]
[Round "6"]
[White "Koziak, Vitali"]
[Black "Lagarde, Maxime"]
[Result "1/2-1/2"]
[WhiteElo "2456"]
[BlackElo "2566"]
[Annotator "RR"]
[PlyCount "82"]
[EventDate "2014.10.26"]
[EventType "swiss"]
[EventRounds "9"]
[EventCountry "FRA"]
[SourceTitle "EXT 2015"]
[Source "ChessBase"]
[SourceDate "2014.11.20"]
[SourceVersion "1"]
[SourceVersionDate "2014.11.20"]
[SourceQuality "1"]
[TimeControl "40/5400+30:1800+30"]
[WhiteClock "0:30:03"]
[BlackClock "0:50:41"]

1. Nf3 {[%emt 0:00:00]} c5 {[%emt 0:00:00]} 2. c3 {[%emt 0:00:00]} Nf6 {
[%emt 0:04:16]} 3. d4 {[%emt 0:00:12]} e6 {[%emt 0:00:13]} 4. Bg5 {[%emt 0:01:
32]} Qb6 {[%emt 0:02:29]} 5. Qb3 {[%emt 0:02:13]} d5 {[%emt 0:06:10]} 6. e3 {
[%emt 0:01:37]} Nc6 {[%emt 0:02:27]} 7. Nbd2 {[%emt 0:01:18]} Bd6 {[%emt 0:02:
11]} (7... Be7 8. Be2 O-O 9. O-O Bd7 10. Qxb6 axb6 11. Ne5 Rfd8 12. f4 h6 13.
Bh4 c4 14. a3 b5 15. Bxf6 gxf6 16. Nxd7 Rxd7 17. e4 dxe4 18. Nxe4 f5 19. Ng3
Bf6 20. Rfd1 Ne7 21. Nh5 Bh8 22. Bf3 Rad8 23. Re1 Kf8 24. h3 Nd5 25. Kh2 Ne7
26. g4 fxg4 27. hxg4 Nd5 28. Bxd5 Rxd5 29. Kg3 Ke7 30. f5 Kd7 31. Nf4 Rd6 32.
fxe6+ fxe6 33. Re4 Re8 34. Rae1 Bf6 35. Ng6 Bg5 36. Ne5+ Ke7 37. Rf1 {
Moradiabadi,E (2586)-Efimenko,Z (2648) Dubai 2014 1-0}) (7... Bd7) 8. Be2 {
[%emt 0:06:07]} Bd7 {[%emt 0:08:21]} 9. O-O {[%emt 0:02:13]} O-O {[%emt 0:06:
27]} 10. Rad1 {[%emt 0:04:47]} cxd4 {[%emt 0:02:35]} 11. exd4 {[%emt 0:12:14]}
Qc7 {[%emt 0:01:05]} 12. Bxf6 $146 {[%emt 0:11:12]} (12. Bd3 Nh5 13. Bb1 h6 14.
Bh4 Rac8 15. Bg3 Nf4 16. Rfe1 f5 17. Ne5 Bxe5 18. dxe5 Nh5 19. f4 g5 20. Nf3
Na5 21. Qb4 Nc4 22. fxg5 a5 23. Qb3 Nxg3 24. hxg3 hxg5 25. Nxg5 Nxe5 26. Rd4
Rf6 27. Qd1 Ng4 28. Nh7 Rg6 29. Rxg4 Qc5+ 30. Kh2 Rxg4 31. Kh1 Kg7 32. b4 Qf2 {
0-1 (32) Roppel,K (2331)-Erikalov,A (2438) Novosibirsk 1999}) 12... gxf6 {
[%emt 0:00:08]} 13. c4 {[%emt 0:00:31]} dxc4 $1 {[%emt 0:05:03][%csl Rd4]} 14.
Nxc4 {[%emt 0:03:58]} Ne7 {[%emt 0:03:33]} (14... Be7 15. d5 $32 {[%csl Rc7,
Rd7,Re7,Rg8]}) 15. Nxd6 {[%emt 0:25:44]} Qxd6 {[%emt 0:00:11]} 16. Bb5 {
[%emt 0:00:58]} Rfd8 {[%emt 0:06:12]} 17. Bxd7 {[%emt 0:01:44]} Rxd7 {[%emt 0:
00:29]} 18. Rc1 {[%emt 0:01:08]} Nd5 $1 $11 {[%emt 0:03:48][%csl Gd5]} 19. Rc4
{[%emt 0:02:07]} Rc7 {[%emt 0:03:36]} 20. Rfc1 {[%emt 0:00:45]} Rac8 {[%emt 0:
00:08]} 21. g3 {[%emt 0:01:15]} Kg7 {[%emt 0:02:29]} 22. a3 {[%emt 0:01:25]}
Nb6 {[%emt 0:01:39]} 23. R4c3 {[%emt 0:04:33]} Rc6 {[%emt 0:02:49]} 24. R1c2 {
[%emt 0:02:32]} R8c7 {[%emt 0:01:59]} 25. Kg2 {[%emt 0:01:00]} Qd7 {[%emt 0:00:
45]} 26. Rc5 {[%emt 0:01:24]} Nd5 {[%emt 0:02:25]} 27. R2c4 {[%emt 0:02:37]} b6
{[%emt 0:02:31]} 28. Rxc6 {[%emt 0:00:11]} Rxc6 {[%emt 0:00:01]} 29. Qa4 $1 {
[%emt 0:01:46] Les Noirs ont réussi à faire des échanges de pièces lourdes
pour attaquer la faiblesse du P isolé mais les Blancs vont garder le
contrôle de la colonne "c" en compensation et la finale est équilibrée} Rc7
{[%emt 0:00:41]} 30. Qxd7 {[%emt 0:00:26]} Rxd7 {[%emt 0:00:04]} 31. Kf1 {
[%emt 0:00:26]} Nc7 {[%emt 0:01:34]} (31... Kf8 $5 {[%cal Gf8e7,Ge7d6,Gd7c7]})
32. Ke2 {[%emt 0:00:59]} Kf8 {[%emt 0:00:10]} 33. Ra4 {[%emt 0:03:16]} Nb5 {
[%emt 0:01:10]} 34. Rc4 {[%emt 0:00:05]} Nd6 {[%emt 0:02:02]} 35. Rc6 {[%emt 0:
01:09]} Ke7 {[%emt 0:00:41]} 36. Kd3 {[%emt 0:01:06]} Rb7 {[%emt 0:00:34]} 37.
Rc2 {[%emt 0:00:59]} f5 {[%emt 0:05:04]} (37... Kd7 {[%cal Gb7c7]}) 38. Ne5 {
[%emt 0:02:23]} f6 {[%emt 0:00:06]} 39. Nc4 {[%emt 0:00:52]} Nb5 {[%emt 0:01:
04]} 40. a4 {[%emt 0:00:00]} Nc7 {[%emt 0:00:00]} 41. Ne3 {[%emt 0:01:43]} a5 {
[%emt 0:02:39]} 1/2-1/2